000 00798nam a2200217Ia 4500
008 130821s1992 xxu gr eng
020 _a978 0 300 05486 6
040 _aCo-BoUCM
_bspa
041 0 0 _aeng
245 0 0 _aFrontiers in social movement theory
_ceditado por Aldon D. Morris y Carol McClurg Mueller
260 _aNew Haven (Connecticut, Estados Unidos)
_bYale University Press
_c1992
300 _axii, 382 páginas
504 _aIncluye referencias bibliográficas e índice.
650 _aAcción social
_98355
650 _aMovimientos sociales
_919847
650 _aSociología
_9386
700 1 _aMorris, Aldon D.
_eeditor.
_9169381
700 1 _aMueller, Carol McClurg
_eeditor.
_9169382
942 _cLIBRO
_a5
_e1
_mF935
_2DEWEY
_h303.484
999 _c76030
_d76030